| 000 | 01107naa a22003017a 4500 | ||
|---|---|---|---|
| 001 | BR6500317 | ||
| 003 | BR-BrBNA | ||
| 005 | 20240918173300.0 | ||
| 007 | ta | ||
| 008 | 230509b bl.||||| |||| 00| 0 por d | ||
| 040 |
_aBR-BrBNA _bpor _cBiblioteca Nacional de Agricultura |
||
| 041 | _a(Pt) | ||
| 072 |
_aL74 _b5212 _bG514 |
||
| 090 | _aL74 BR6500317 | ||
| 100 | 1 | _aDobereiner, J.V. | |
| 100 | 1 | _aTokarnia, C.H. | |
| 100 | 1 | _aCanella, C.F.C. | |
| 111 | 1 |
_a9. Congresso Internacional de Pastagens _cSao Paulo, SP (Brazil) _d7-20 Jan 1965 |
|
| 245 | 1 | _aIntoxicacao por Cestrum Laevigatum schlecht em bovinos no estado do Rio de Janeiro, Brasil | |
| 260 | 3 |
_aSao Paulo, SP (Brasil): _c1965. |
|
| 500 | _aAnais do 9. Congresso Internacional de Pastagens. V. 2 Sao Paulo, SP (Brasil): 1965. p. 1259-1263 (BR6500317-AM)L74 | ||
| 650 | _aBOVINO | ||
| 650 | _aPLANTA TOXICA | ||
| 650 | _aRIO DE JANEIRO | ||
| 773 | 0 |
_tAnais do 9. Congresso Internacional de Pastagens. V. 2 _wL74 BR6500317 _gSao Paulo, SP (Brasil), 1965. p. 1259-1263 |
|
| 909 |
_a202404 _bLucia _c55 _dLucia Elande |
||
| 942 |
_cAM _2AGRIS |
||
| 999 |
_c303750 _d303750 |
||